| 000 | 00975nam a2200253 4500 | ||
|---|---|---|---|
| 001 | vtls002443360 | ||
| 003 | MY-SjTCS | ||
| 005 | 20200306154101.0 | ||
| 008 | 110218s1994 maua 00 eng | ||
| 020 | _a0838448461 | ||
| 039 | 9 |
_a201910031141 _bummi _c201102181513 _dVLOAD _c200811241757 _dVLOAD _y200407271939 _zVLOAD |
|
| 082 | 0 | 4 |
_a428.64 _bDEN |
| 100 | 1 |
_aDennis, John. _914742 |
|
| 245 | 1 | 0 |
_aReflections / _cJohn Dennis, Suzanne Griffin |
| 250 | _a2nd ed. | ||
| 260 |
_aBoston : _bHeinle & Heinle, _cc1994 |
||
| 300 |
_avii, 232 p. : _bill. ; _c22 cm. |
||
| 500 | _aRev. ed. of: Reflections, an intermediate reader / Suzanne Griffin, John Dennis. Rowley, Mass. : Newbury House Publishers, c1979 | ||
| 650 | 0 |
_aEnglish language _vTextbooks for foreign speakers. _910818 |
|
| 650 | 0 |
_aReaders. _9201303 |
|
| 700 | 1 |
_aGriffin, Suzanne M., _d1945- _9206668 |
|
| 700 | 1 |
_aGriffin, Suzanne M., _d1945- _tReflections, an intermediate reader. _9206669 |
|
| 920 | _aADP : 95148 | ||
| 999 | _c24904 | ||